000 00311nam 22001333 4500
001 202558
090 _a202558
100 _a20260615d u||y0pory50 ba
200 _aA taste of Ireland(Cd áudio)
_fPat Boone
210 _cEmporio
_d1996
215 _c2 cd áudio
675 _a78
801 _aPT
_bBMMN
_gRPC
990 _cCD MUSICA